[Event "Lille Luce op 3rd"]
[Site "Lille"]
[Date "2012.04.26"]
[Round "5"]
[White "Lemoine, Jean Pierre"]
[Black "Appa, Beesuren"]
[Result "0-1"]
[WhiteElo "1668"]
[BlackElo "1566"]
[PlyCount "28"]
[EventDate "2012.04.23"]
[EventType "swiss"]
[EventRounds "8"]
[EventCountry "FRA"]
[SourceTitle "CBM 148 Extra"]
[Source "ChessBase"]
[SourceDate "2012.06.22"]
[SourceVersion "1"]
[SourceVersionDate "2012.06.22"]
[SourceQuality "1"]

1. e4 e5 2. Nf3 Nc6 3. Bb5 Bc5 4. 0-0 Nge7 5. c3 a6 6. Ba4 0-0 7. d3 d5 8. exd5 Qxd5 9. Bb3 Qd8 10. Ng5 Bf5 11. Bc2 Ng6 12. Nxh7 Nh4 13. Nxf8 Qd5 14. Qf3 Nxf3+ 0-1